South Eastern Kenya University

Library Online Public Access Catalogue


Mosby's paramedic textbook / (Record no. 14244)

MARC details
000 -LEADER
fixed length control field 00532pam a2200169 a 4500
020 ## - ISBN
International Standard Book Number 0801643155
050 00 - LIBRARY OF CONGRESS CALL NUMBER
Classification Number RC 86.7
Item Number .S2 1994
100 1# - MAIN ENTRY--Author
Personal name Sanders, Mick J.
245 10 - TITLE
Title Mosby's paramedic textbook /
Statement of responsibility, etc Mick J. Sanders ; physician advisors, Lawrence M. Lewis, Gary Quick ; contributing editor, Kim McKenna.
260 ## - PUBLICATION, DISTRIBUTION, ETC.(IMPRINT)
Place of publication, distribution, etc St. Louis, Mo. :
Name of publisher, distributor, etc Mosby Lifeline,
Date of publication, distribution, etc c1994.
300 ## - PHYSICAL DESCRIPTION
Extent xix, 1048 p. :
650 #2 - SUBJECT--TOPIC
General subdivision methods.
700 1# - ADDED ENTRY--PERSONAL AUTHOR
Personal Name Quick, Gary.
700 1# - ADDED ENTRY--PERSONAL AUTHOR
Personal Name Lewis, Lawrence M.
700 1# - ADDED ENTRY--PERSONAL AUTHOR
Personal Name McKenna, Kim.
942 ## - ADDED ENTRY ELEMENTS(KOHA)
Source of classification or shelving scheme Library of Congress Classification
Koha item type General circulation
Holdings
Source of classification or shelving scheme Not for loan Location (home branch) Sublocation (holding branch) Shelving location Date accessioned Full call number Barcode Koha item type Public note
Library of Congress Classification   Main Campus Library Main Campus Library   19/05/2016 RC 86.7 .S2 1994 2016/018372 General circulation em
Kitui, Kenya.
+254736116989
library@seku.ac.ke